ARRUPE JESUIT UNIVERSITY

CORONAVIRUS -STOP THE SPREAD - CLEAN,DISINFECT,COVER

Design as art. (Record no. 126843)

MARC details
000 -LEADER
fixed length control field 00805cam a2200277 4500
001 - CONTROL NUMBER
control field 1718285
003 - CONTROL NUMBER IDENTIFIER
control field ARRUPE
005 - DATE AND TIME OF LATEST TRANSACTION
control field 20170830110456.0
008 - FIXED-LENGTH DATA ELEMENTS--GENERAL INFORMATION
fixed length control field 720307s1971 enka 000 0 eng
010 ## - LIBRARY OF CONGRESS CONTROL NUMBER
LC control number 72175699
015 ## - NATIONAL BIBLIOGRAPHY NUMBER
National bibliography number B71-27948
020 ## - INTERNATIONAL STANDARD BOOK NUMBER
International Standard Book Number 0140212663
040 ## - CATALOGING SOURCE
Original cataloging agency DLC
Transcribing agency DLC
Modifying agency DLC
041 1# - LANGUAGE CODE
Language code of text/sound track or separate title engita
050 00 - LIBRARY OF CONGRESS CALL NUMBER
Classification number NK1505
Item number .M8513
082 00 - DEWEY DECIMAL CLASSIFICATION NUMBER
Classification number 745.4
300 ## - PHYSICAL DESCRIPTION
Dimensions 18 cm.
100 1# - MAIN ENTRY--PERSONAL NAME
Personal name Munari, Bruno.
9 (RLIN) 35418
245 10 - TITLE STATEMENT
Title Design as art.
Statement of responsibility, etc Bruno Munari Translated by Patrick Creagh.
260 ## - PUBLICATION, DISTRIBUTION, ETC. (IMPRINT)
Place of publication, distribution, etc Middlesex,
Name of publisher, distributor, etc Penguin Books,
Date of publication, distribution, etc 1971.
300 ## - PHYSICAL DESCRIPTION
Extent 223 p.
350 ## - PRICE (NR) (BK AM CF MU VM SE) [OBSOLETE]
Price £0.50
650 #0 - SUBJECT ADDED ENTRY--TOPICAL TERM
Topical term or geographic name as entry element Design.
9 (RLIN) 35419
906 ## - LOCAL DATA ELEMENT F, LDF (RLIN)
a 7
b cbc
c orignew
d 2
e ncip
f 19
g y-gencatlg
942 ## - ADDED ENTRY ELEMENTS (KOHA)
Source of classification or shelving scheme Library of Congress Classification
Koha item type Monograph ( Printed materials)
Holdings
Withdrawn status Lost status Source of classification or shelving scheme Damaged status Not for loan Collection code Home library Current library Shelving location Date acquired Total Checkouts Full call number Barcode Date last seen Price effective from Koha item type
    Library of Congress Classification     Main Collection ARRUPE LIBRARY ARRUPE LIBRARY Main Collection 30/08/2017   NK1505 .M8513 46500028008 04/07/2018 30/08/2017 Monograph ( Printed materials)

 

Arrupe Library. PO Box MP320 Mt Pleasant, Harare, Zimbabwe
263 242 745411|librarian@aju.ac.zw